Ville de plus de 150 000 habitants - Mort subite - Statistiques

Statistiques générales
  • Ce quiz a été pris 182 fois
    165 depuis la dernière actualisation
  • Le résultat moyen est 3 sur 9
Answers on the Grid
Answers color-coded by a green-red scale on the quiz's grid according to % correct below.
Le Havre
Saint-Etienne
Reims
Dijon
Annecy
Limoges
Grenoble
Angers
Nancy
Nanterre
Nimes
Metz
Toulon
Villeurbanne
Perpignan
Poitiers
Avignon
Orléans
Rouen
Caen
 
Statistiques - réponses
Réponse % Correct
Saint-Etienne
46%
Grenoble
44%
Villeurbanne
43%
Toulon
39%
Dijon
33%
Le Havre
33%
Reims
33%
Angers
28%
Nimes
22%
Aucun quiz correspondant
Distribution des résultats
% des personnes avec chaque résultat
Percentile par nombre de réponses
Votre historique - résultats
Vous n’avez pas pris ce quiz depuis la dernière actualisation